Statistics for Countries bordering Countries Larger than All Neighbours, with an Empty Map

Click here to take the quiz!

General Stats

  • This quiz has been taken 3,373 times
    (2,048 since last reset)
  • The average score is 57 of 68

Answers on the Map

Answers color-coded by a green-red scale on the quiz's map according to % correct below.
Loading ...
 

Answer Stats

Country% Correct
United States
96%
China
95%
Argentina
92%
Bolivia
90%
Colombia
90%
Kazakhstan
90%
Peru
90%
Ukraine
90%
Finland
89%
Latvia
89%
Mongolia
89%
Paraguay
89%
Uruguay
89%
Venezuela
89%
Estonia
88%
Guyana
88%
Libya
88%
Suriname
88%
Belarus
87%
France
87%
Lithuania
87%
Morocco
87%
Niger
87%
Azerbaijan
86%
Iraq
86%
Norway
86%
Republic of the Congo
86%
Angola
85%
Georgia
85%
Mali
85%
North Korea
85%
South Sudan
85%
Chad
84%
Egypt
84%
Mauritania
84%
Uganda
84%
Zambia
84%
Central African Republic
83%
Namibia
83%
Rwanda
83%
Tanzania
83%
Oman
82%
Tunisia
82%
Yemen
82%
Zimbabwe
82%
Armenia
81%
Botswana
81%
Mozambique
81%
Afghanistan
80%
Burundi
80%
Lesotho
80%
Eswatini
79%
Poland
79%
Turkey
79%
Pakistan
78%
Qatar
78%
Turkmenistan
78%
United Arab Emirates
78%
Ethiopia
77%
Jordan
77%
Kuwait
77%
Malaysia
77%
East Timor
74%
Eritrea
74%
Papua New Guinea
72%
Haiti
69%
Honduras
66%
Costa Rica
65%

Score Distribution

Percentile by Number Answered

Percent of People with Each Score

Your Score History

You have not taken this quiz since the last reset